LEADER 01451nam 2200397Ia 450 001 996391691303316 005 20240613135325.0 035 $a(CKB)1000000000670172 035 $a(EEBO)2240881163 035 $a(OCoLC)45097952 035 $a(EXLCZ)991000000000670172 100 $a20000929d1690 uy 0 101 0 $aeng 135 $aurbn#|||a|bb| 181 $ctxt$2rdacontent 182 $cc$2rdamedia 183 $acr$2rdacarrier 200 00$aTo our rev[erend brethren the] ministers of the several parishes [to whom t]he second brief for relief of the poo[r P]rotestants of Ireland shall come 210 $a[London? $cs.n.$d1690?] 215 $a1 sheet ([1] p.) 300 $aPortion of title and imprint suggested by Wing. 300 $aSigned: H. London. W. Asaph. H. Bangor. N. Cestriens. E. Wigorniens. 300 $aImperfect: torn with some loss of print. 300 $aReproduction of original in the John Carter Brown Library. 330 $aeebo-0114 606 $aProtestants$zIreland 607 $aIreland$xSocial conditions 608 $aBroadsides$zEngland$y17th century.$2rbgenr 615 0$aProtestants 701 $aCompton$b Henry$f1632-1713.$01002665 801 0$bEAE 801 1$bEAE 906 $aBOOK 912 $a996391691303316 996 $aTo our rev ministers of the several parishes to whom the second brief for relief of the poor Protestants of Ireland shall come$92336268 997 $aUNISA LEADER 01809nam0 22003973i 450 001 FOG0484432 005 20251003044154.0 010 $a9788832474718 100 $a20111003d2010 ||||0itac50 ba 101 | $aita 102 $ait 181 1$6z01$ai $bxxxe 182 1$6z01$an 183 1$6z01$anc$2RDAcarrier 200 1 $aCodice del processo del lavoro$edisciplina delle controversie$fa cura di Angelo Zambelli 205 $a2. ed 210 $aMilano$cGruppo 24 ore$d2010 215 $aXX, 625 p.$d20 cm 225 | $aˆI ‰codici di Massimario di giurisprudenza del lavoro 300 $aIn cop.: Con le nuove disposizioni in materia di conciliazione e arbitrato (Legge 4 novembre 2010, n. 183) 410 0$1001IEI0280687$12001 $aˆI ‰codici di Massimario di giurisprudenza del lavoro 676 $a344.45010269$9DIRITTO DEL LAVORO. ITALIA. Tribunali e procedura$v21 702 1$aZambelli$b, Angelo$3TO0V151953 710 02$aItalia$3CFIV000475$0423419 791 02$aRepubblica italiana$3CFIV373023$zItalia 791 12$aRegno d'Italia$f <1861-1946>$3CFIV373024$zItalia 791 02$aItalia$c $3CFIV373025$zItalia 791 02$aItalia$c $3CFIV373026$zItalia 801 3$aIT$bIT-000000$c20111003 850 $aIT-BN0095 901 $bNAP 01$cPOZZO LIB.$nVi sono collocati fondi di economia, periodici di ingegneria e scienze, periodici di economia e statistica e altri fondi comprendenti documenti di economia pervenuti in dono. 912 $aFOG0484432 950 0$aBiblioteca Centralizzata di Ateneo$c1 v.$d 01POZZO LIB.ECON MON 2360$e 0101 0000215335E VMA 1 v.$fB $h20210315$i20210315 977 $a 01 996 $aCodice del processo del lavoro$9576947 997 $aUNISANNIO